[Event "Oberliga Ost-A 1617"]
[Site "Germany"]
[Date "2016.11.19"]
[Round "2.7"]
[White "Boehm, Robert"]
[Black "Greger, Ubald"]
[Result "1/2-1/2"]
[WhiteElo "2133"]
[BlackElo "2079"]
[PlyCount "63"]
[EventDate "2016.10.16"]
[EventType "team-tourn"]
[EventRounds "11"]
[EventCountry "GER"]
[SourceTitle "EXT 2018"]
[Source "ChessBase"]
[SourceDate "2017.10.13"]
[SourceVersion "1"]
[SourceVersionDate "2017.10.13"]
[SourceQuality "1"]
[WhiteTeam "Hoyerswerda"]
[BlackTeam "Leipzig SG II"]
[WhiteTeamCountry "GER"]
[BlackTeamCountry "GER"]

1. d4 d6 2. Nf3 Bg4 3. c4 Bxf3 4. exf3 c6 5. Nc3 e6 6. Be3 g6 7. Qd2 d5 8. Bd3 Bg7 9. Ne2 dxc4 10. Bxc4 Nd7 11. 0-0 Nb6 12. Bb3 Nd5 13. Rfd1 Nge7 14. Nc3 0-0 15. Nxd5 Nxd5 16. Rac1 Qd6 17. Bxd5 Qxd5 18. Qb4 Qd7 19. Rd3 a5 20. Qb6 Ra6 21. Qc5 Bf6 22. Bg5 Bxg5 23. Qxg5 Rd8 24. h4 Rb6 25. b3 Rb5 26. Rc5 f6 27. Qc1 Rxc5 28. Qxc5 Qc7 29. Qc3 Rd5 30. Kf1 Qd6 31. Ke2 Kf7 32. g3 1/2-1/2

[Event "Oberliga Ost-A 1213"]
[Site "Germany"]
[Date "2013.02.03"]
[Round "7.6"]
[White "Greger, Ubald"]
[Black "Rudolf, Matthias"]
[Result "1-0"]
[WhiteElo "2107"]
[BlackElo "2124"]
[PlyCount "81"]
[EventDate "2012.10.14"]
[EventType "team-tourn"]
[EventRounds "11"]
[EventCountry "GER"]
[SourceTitle "EXT 2014"]
[Source "ChessBase"]
[SourceDate "2013.11.20"]
[SourceVersion "1"]
[SourceVersionDate "2013.11.20"]
[SourceQuality "1"]
[WhiteTeam "Leipzig SG III"]
[BlackTeam "Dresden Gruen Weiss"]
[WhiteTeamCountry "GER"]
[BlackTeamCountry "GER"]

1. e4 e6 2. d3 d5 3. Nd2 Nf6 4. Ngf3 c5 5. g3 Nc6 6. Bg2 b6 7. 0-0 Bb7 8. Re1 Be7 9. c3 Qc7 10. h4 h6 11. Nf1 0-0-0 12. Qe2 Rhg8 13. Bf4 Qd7 14. e5 Ne8 15. Qd2 Nc7 16. a3 Na5 17. Rad1 c4 18. dxc4 Nxc4 19. Qc1 Qb5 20. Re2 Ba6 21. Rc2 Kb8 22. Nd4 Qd7 23. b3 g5 24. bxc4 gxf4 25. Qxf4 Rg7 26. Ne3 Bb7 27. cxd5 Nxd5 28. Nxd5 Bxd5 29. Bxd5 Qxd5 30. Rcd2 Qb7 31. Nc6+ Qxc6 32. Rxd8+ Bxd8 33. Rxd8+ Kc7 34. Qf6 Qc5 35. Rd4 Qxc3 36. Qd8+ Kb7 37. Qd7+ Kb8 38. Qe8+ Kb7 39. Qe7+ Ka6 40. Ra4+ Kb5 41. Qd7+ 1-0

[Event "Oberliga Ost-A 1213"]
[Site "Germany"]
[Date "2012.12.09"]
[Round "4.8"]
[White "Greger, Ubald"]
[Black "Kregelin, Jan"]
[Result "1/2-1/2"]
[WhiteElo "2107"]
[BlackElo "2097"]
[PlyCount "30"]
[EventDate "2012.10.14"]
[EventType "team-tourn"]
[EventRounds "11"]
[EventCountry "GER"]
[SourceTitle "EXT 2014"]
[Source "ChessBase"]
[SourceDate "2013.11.20"]
[SourceVersion "1"]
[SourceVersionDate "2013.11.20"]
[SourceQuality "1"]
[WhiteTeam "Leipzig SG III"]
[BlackTeam "Hoyerswerda"]
[WhiteTeamCountry "GER"]
[BlackTeamCountry "GER"]

1. e4 c5 2. d3 Nc6 3. g3 g6 4. Bg2 Bg7 5. c4 d6 6. Nc3 e6 7. Nge2 Nge7 8. 0-0 0-0 9. Rb1 Rb8 10. a3 a6 11. b4 b6 12. b5 Nd4 13. bxa6 Nxe2+ 14. Nxe2 Bxa6 15. a4 Bb7 1/2-1/2

[Event "Oberliga Ost-A 1112"]
[Site "Germany"]
[Date "2012.04.15"]
[Round "11.5"]
[White "Graf, Roland"]
[Black "Greger, Ubald"]
[Result "1/2-1/2"]
[WhiteElo "2186"]
[BlackElo "2149"]
[PlyCount "33"]
[EventDate "2011.09.25"]
[EventType "team-tourn"]
[EventRounds "11"]
[EventCountry "GER"]
[SourceTitle "EXT 2013"]
[Source "ChessBase"]
[SourceDate "2012.11.22"]
[SourceVersion "1"]
[SourceVersionDate "2012.11.22"]
[SourceQuality "1"]
[WhiteTeam "Hoyerswerda"]
[BlackTeam "Leipzig SG II"]
[WhiteTeamCountry "GER"]
[BlackTeamCountry "GER"]

1. e4 d6 2. d4 Nf6 3. Nc3 e5 4. Nf3 Nbd7 5. Bc4 Be7 6. 0-0 c6 7. a4 0-0 8. Ba2 b6 9. Qe2 h6 10. Rd1 Qc7 11. h3 Kh7 12. Be3 a6 13. Rd2 b5 14. Qd3 Bb7 15. Rdd1 g6 16. b4 bxa4 17. Nxa4 1/2-1/2

[Event "Oberliga Ost-A 1112"]
[Site "Germany"]
[Date "2012.01.15"]
[Round "7.6"]
[White "Greger, Ubald"]
[Black "Hoffmann, Uwe1111"]
[Result "1/2-1/2"]
[WhiteElo "2149"]
[BlackElo "2170"]
[PlyCount "55"]
[EventDate "2011.09.25"]
[EventType "team-tourn"]
[EventRounds "11"]
[EventCountry "GER"]
[SourceTitle "EXT 2013"]
[Source "ChessBase"]
[SourceDate "2012.11.22"]
[SourceVersion "1"]
[SourceVersionDate "2012.11.22"]
[SourceQuality "1"]
[WhiteTeam "Leipzig SG II"]
[BlackTeam "Magdeburg Rochade"]
[WhiteTeamCountry "GER"]
[BlackTeamCountry "GER"]

1. e4 Nf6 2. d3 d5 3. Nd2 e5 4. Ngf3 Nc6 5. c3 g6 6. Be2 Bg7 7. 0-0 0-0 8. Re1 Re8 9. Bf1 Be6 10. b4 a6 11. a3 Qd6 12. Qc2 Rad8 13. Bb2 Bg4 14. h3 Bc8 15. Rad1 b5 16. exd5 Qxd5 17. c4 Qd6 18. cxb5 axb5 19. Rc1 Bb7 20. Ne4 Nxe4 21. dxe4 Re7 22. Bxb5 Nd4 23. Nxd4 exd4 24. Bd3 Rde8 25. Re2 Qf4 26. Rce1 Be5 27. g3 Qf3 28. Bb5 1/2-1/2

[Event "Oberliga Ost-A 1112"]
[Site "Germany"]
[Date "2011.12.11"]
[Round "5.5"]
[White "Fiedler, Holger"]
[Black "Greger, Ubald"]
[Result "1/2-1/2"]
[WhiteElo "2187"]
[BlackElo "2149"]
[PlyCount "34"]
[EventDate "2011.09.25"]
[EventType "team-tourn"]
[EventRounds "11"]
[EventCountry "GER"]
[SourceTitle "EXT 2013"]
[Source "ChessBase"]
[SourceDate "2012.11.22"]
[SourceVersion "1"]
[SourceVersionDate "2012.11.22"]
[SourceQuality "1"]
[WhiteTeam "Chemnitz"]
[BlackTeam "Leipzig SG II"]
[WhiteTeamCountry "GER"]
[BlackTeamCountry "GER"]

1. e4 d6 2. d4 Nf6 3. Nc3 e5 4. dxe5 dxe5 5. Qxd8+ Kxd8 6. Bg5 Be7 7. Nf3 Nbd7 8. Rd1 Ke8 9. a3 a6 10. Bd3 b5 11. 0-0 c6 12. Bh4 Nh5 13. Bxe7 Kxe7 14. Ne2 g6 15. c3 f6 16. Bc2 Nb6 17. Nd2 Ng7 1/2-1/2

[Event "Oberliga Ost-A 1112"]
[Site "Germany"]
[Date "2011.10.22"]
[Round "2.5"]
[White "Haertig, Jens"]
[Black "Greger, Ubald"]
[Result "1-0"]
[WhiteElo "2180"]
[BlackElo "2149"]
[PlyCount "71"]
[EventDate "2011.09.25"]
[EventType "team-tourn"]
[EventRounds "11"]
[EventCountry "GER"]
[SourceTitle "EXT 2013"]
[Source "ChessBase"]
[SourceDate "2012.11.22"]
[SourceVersion "1"]
[SourceVersionDate "2012.11.22"]
[SourceQuality "1"]
[WhiteTeam "Naumburg"]
[BlackTeam "Leipzig SG II"]
[WhiteTeamCountry "GER"]
[BlackTeamCountry "GER"]

1. c4 d6 2. Nc3 e5 3. g3 f5 4. Bg2 Nf6 5. Rb1 Be7 6. Nf3 0-0 7. 0-0 Qe8 8. d4 e4 9. Ng5 c6 10. f3 h6 11. Nh3 g5 12. d5 exf3 13. exf3 Na6 14. Re1 Bd7 15. b4 Nc7 16. a4 cxd5 17. cxd5 Qf7 18. f4 g4 19. Nf2 Rfe8 20. b5 b6 21. Be3 Bf8 22. Qb3 Bc8 23. Nd3 Nd7 24. Nb4 Nc5 25. Qc4 Bg7 26. Bd4 Bd7 27. Nc6 Bxc6 28. bxc6 Rxe1+ 29. Rxe1 Re8 30. Rxe8+ Nxe8 31. h4 Nc7 32. Kh2 Bf8 33. a5 bxa5 34. Bxc5 dxc5 35. Na4 Bd6 36. Nxc5 1-0

[Event "Oberliga Ost-A 1011"]
[Site "Germany"]
[Date "2011.02.05"]
[Round "6.6"]
[White "Merker, Matthias"]
[Black "Greger, Ubald"]
[Result "1-0"]
[WhiteElo "2121"]
[BlackElo "2130"]
[PlyCount "95"]
[EventDate "2010.10.24"]
[EventType "team-tourn"]
[EventRounds "11"]
[EventCountry "GER"]
[SourceTitle "EXT 2012"]
[Source "ChessBase"]
[SourceDate "2011.11.24"]
[SourceVersion "1"]
[SourceVersionDate "2011.11.24"]
[SourceQuality "1"]
[WhiteTeam "Coswig"]
[BlackTeam "Leipzig Lok"]
[WhiteTeamCountry "GER"]
[BlackTeamCountry "GER"]

1. d4 Nf6 2. c4 g6 3. Nc3 d5 4. Nf3 Bg7 5. cxd5 Nxd5 6. e4 Nxc3 7. bxc3 c5 8. Rb1 0-0 9. Be2 Nc6 10. d5 Ne5 11. Nxe5 Bxe5 12. Qd2 b6 13. 0-0 e6 14. f4 Bg7 15. d6 e5 16. fxe5 Qe8 17. Bc4 Rb8 18. Qd3 Bd7 19. Bg5 Qxe5 20. Be7 Rfc8 21. Rxf7 Kh8 22. Rbf1 Qxc3 23. Qxc3 Bxc3 24. Bf6+ Bxf6 25. R1xf6 Bc6 26. e5 b5 27. d7 Bxd7 28. Rxd7 bxc4 29. Rff7 c3 30. Rxh7+ Kg8 31. Rdg7+ Kf8 32. Rf7+ Kg8 33. Rfg7+ Kf8 34. Rxa7 Kg8 35. Rag7+ Kf8 36. Rf7+ Kg8 37. Rfg7+ Kf8 38. e6 Re8 39. Rf7+ Kg8 40. Rfg7+ Kf8 41. e7+ Rxe7 42. Rxe7 Rb1+ 43. Kf2 c2 44. Rc7 Kg8 45. Rhg7+ Kf8 46. Rgf7+ Ke8 47. Rh7 Kd8 48. Ra7 1-0

[Event "Oberliga Ost-A 1011"]
[Site "Germany"]
[Date "2010.11.13"]
[Round "2.6"]
[White "Hoffmann, Uwe1111"]
[Black "Greger, Ubald"]
[Result "1/2-1/2"]
[WhiteElo "2175"]
[BlackElo "2130"]
[PlyCount "31"]
[EventDate "2010.10.24"]
[EventType "team-tourn"]
[EventRounds "11"]
[EventCountry "GER"]
[SourceTitle "EXT 2012"]
[Source "ChessBase"]
[SourceDate "2011.11.24"]
[SourceVersion "1"]
[SourceVersionDate "2011.11.24"]
[SourceQuality "1"]
[WhiteTeam "Magdeburg Rochade"]
[BlackTeam "Leipzig Lok"]
[WhiteTeamCountry "GER"]
[BlackTeamCountry "GER"]

1. d4 d6 2. c4 e5 3. Nf3 e4 4. Ng5 f5 5. Nc3 Be7 6. Nh3 c6 7. Qa4 Nf6 8. Bg5 0-0 9. e3 Na6 10. c5 b5 11. Qb3+ Kh8 12. cxd6 Qxd6 13. Bf4 Qb4 14. Qxb4 Nxb4 15. 0-0-0 Be6 16. Kb1 1/2-1/2

[Event "Oberliga Ost-A 0910"]
[Site "Germany"]
[Date "2010.04.11"]
[Round "11.3"]
[White "Paul, Johannes"]
[Black "Greger, Ubald"]
[Result "1/2-1/2"]
[WhiteElo "2145"]
[BlackElo "2096"]
[PlyCount "99"]
[EventDate "2009.10.18"]
[EventType "team-tourn"]
[EventRounds "11"]
[EventCountry "GER"]
[SourceTitle "EXT 2011"]
[Source "ChessBase"]
[SourceDate "2010.11.26"]
[SourceVersion "1"]
[SourceVersionDate "2010.11.26"]
[SourceQuality "1"]
[WhiteTeam "Magdeburg Aufbau Elbe"]
[BlackTeam "Leipzig Lok II"]
[WhiteTeamCountry "GER"]
[BlackTeamCountry "GER"]

1. c4 d6 2. Nc3 e5 3. g3 f5 4. Bg2 Nf6 5. d4 Be7 6. Nf3 e4 7. Ng5 h6 8. Nh3 g5 9. f3 c6 10. d5 exf3 11. exf3 Qb6 12. Qe2 Kf7 13. Be3 Qa6 14. f4 g4 15. Nf2 h5 16. h3 Re8 17. hxg4 hxg4 18. Qd3 c5 19. 0-0-0 Qa5 20. Bd2 Qd8 21. Rh2 Na6 22. Rdh1 Bf8 23. Be4 Nb4 24. Qb1 Nxa2+ 25. Nxa2 fxe4 26. Nc3 e3 27. Nce4 exd2+ 28. Kxd2 Nxe4+ 29. Nxe4 Rxe4 30. Qxe4 Qf6 31. Rh7+ Bg7 32. R1h6 Qxh6 33. Rxh6 Bxh6 34. Qh7+ Bg7 35. f5 b6 36. Qg6+ Kf8 37. f6 Bh8 38. Qh6+ Kg8 39. Qg6+ Kf8 40. Qh6+ Kg8 41. f7+ Kxf7 42. Qxh8 Ke7 43. Qg8 a6 44. Ke3 b5 45. cxb5 axb5 46. Kf4 Ra4+ 47. Kg5 Kd7 48. Kf6 Kc7 49. Qe8 Bd7 50. Qe1 1/2-1/2

[Event "Oberliga Ost-A 0910"]
[Site "Germany"]
[Date "2010.01.24"]
[Round "7.5"]
[White "Neukirch, Detlef"]
[Black "Greger, Ubald"]
[Result "1/2-1/2"]
[WhiteElo "2278"]
[BlackElo "2096"]
[PlyCount "21"]
[EventDate "2009.10.18"]
[EventType "team-tourn"]
[EventRounds "11"]
[EventCountry "GER"]
[SourceTitle "EXT 2011"]
[Source "ChessBase"]
[SourceDate "2010.11.26"]
[SourceVersion "1"]
[SourceVersionDate "2010.11.26"]
[SourceQuality "1"]
[WhiteTeam "Halle USV"]
[BlackTeam "Leipzig Lok II"]
[WhiteTeamCountry "GER"]
[BlackTeamCountry "GER"]

1. e4 d6 2. d4 Nf6 3. Nc3 e5 4. Nf3 Nbd7 5. Bc4 Be7 6. 0-0 0-0 7. Re1 a6 8. a4 b6 9. Bg5 Bb7 10. Ba2 c6 11. Nh4 1/2-1/2

[Event "Oberliga Ost-A 0910"]
[Site "Germany"]
[Date "2009.11.28"]
[Round "5.4"]
[White "Greger, Ubald"]
[Black "Matthey, Harald"]
[Result "1-0"]
[WhiteElo "2096"]
[BlackElo "2239"]
[PlyCount "59"]
[EventDate "2009.10.18"]
[EventType "team-tourn"]
[EventRounds "11"]
[EventCountry "GER"]
[SourceTitle "EXT 2011"]
[Source "ChessBase"]
[SourceDate "2010.11.26"]
[SourceVersion "1"]
[SourceVersionDate "2010.11.26"]
[SourceQuality "1"]
[WhiteTeam "Leipzig Lok II"]
[BlackTeam "Loeberitz"]
[WhiteTeamCountry "GER"]
[BlackTeamCountry "GER"]

1. e4 c5 2. d3 Nc6 3. g3 Nf6 4. c4 e6 5. f4 d5 6. e5 Nd7 7. Nc3 dxc4 8. dxc4 Nb6 9. Qxd8+ Kxd8 10. Be3 f6 11. 0-0-0+ Bd7 12. exf6 gxf6 13. Ne4 Bg7 14. Nxc5 Kc7 15. Rxd7+ Nxd7 16. Nxe6+ Kd6 17. Nxg7 Ne7 18. Bd3 Nc5 19. Nf5+ Nxf5 20. Bxf5 Rae8 21. Bd2 h5 22. Nf3 Kc7 23. Bb4 b6 24. Nd4 h4 25. Bxc5 bxc5 26. Ne6+ Kb6 27. g4 Re7 28. Rd1 Rhe8 29. Rd6+ Ka5 30. a3 1-0

[Event "Oberliga Ost-A 0910"]
[Site "Germany"]
[Date "2009.10.18"]
[Round "1.4"]
[White "Greger, Ubald"]
[Black "Mader, Joerg"]
[Result "1-0"]
[WhiteElo "2096"]
[BlackElo "2162"]
[PlyCount "65"]
[EventDate "2009.10.18"]
[EventType "team-tourn"]
[EventRounds "11"]
[EventCountry "GER"]
[SourceTitle "EXT 2011"]
[Source "ChessBase"]
[SourceDate "2010.11.26"]
[SourceVersion "1"]
[SourceVersionDate "2010.11.26"]
[SourceQuality "1"]
[WhiteTeam "Leipzig Lok II"]
[BlackTeam "Leipzig VfB"]
[WhiteTeamCountry "GER"]
[BlackTeamCountry "GER"]

1. e4 e5 2. Nf3 Nf6 3. d3 Nc6 4. c3 d5 5. Nbd2 dxe4 6. dxe4 Bc5 7. Be2 0-0 8. b4 Bd6 9. a3 Ne7 10. Qc2 Ng6 11. Nc4 b6 12. 0-0 Bb7 13. Bd3 Rc8 14. Re1 c5 15. b5 Qc7 16. Nfd2 Nf4 17. Bf1 Ne6 18. f3 Ra8 19. a4 a5 20. Ne3 Be7 21. Ndc4 Rfd8 22. Bd2 Ne8 23. Rad1 Bg5 24. Bc1 Nf6 25. g3 Bxe3+ 26. Bxe3 h6 27. Rxd8+ Rxd8 28. Rd1 Ne8 29. Rxd8 Nxd8 30. Qd3 f6 31. Bh3 Nf7 32. Qd7 Qxd7 33. Bxd7 1-0

[Event "Oberliga Ost-A 0809"]
[Site "Germany"]
[Date "2009.03.15"]
[Round "9.6"]
[White "Braeuer, Franz"]
[Black "Greger, Ubald"]
[Result "1/2-1/2"]
[WhiteElo "1966"]
[BlackElo "2106"]
[PlyCount "115"]
[EventDate "2008.10.12"]
[EventType "team-tourn"]
[EventRounds "11"]
[EventCountry "GER"]
[SourceTitle "EXT 2010"]
[Source "ChessBase"]
[SourceDate "2010.11.25"]
[SourceVersion "1"]
[SourceVersionDate "2010.11.25"]
[SourceQuality "1"]
[WhiteTeam "Jena Jenapharm"]
[BlackTeam "Leipzig Lok II"]
[WhiteTeamCountry "GER"]
[BlackTeamCountry "GER"]

1. e4 d6 2. d4 Nf6 3. Nc3 e5 4. dxe5 dxe5 5. Qxd8+ Kxd8 6. Bc4 Bb4 7. Bg5 Bxc3+ 8. bxc3 Be6 9. Bxe6 fxe6 10. 0-0-0+ Ke8 11. f3 Nc6 12. Nh3 h6 13. Be3 b6 14. Nf2 Na5 15. Kb1 Nc4 16. Bc1 Ke7 17. Nd3 a5 18. g4 Raf8 19. h4 Ne8 20. f4 Nf6 21. Rde1 Nxg4 22. Rhg1 h5 23. fxe5 Kd7 24. Rd1 Kc8 25. Nf4 Nge3 26. Bxe3 Nxe3 27. Nxe6 Nxd1 28. Nxf8 Nxc3+ 29. Kb2 Na4+ 30. Ka3 Rxf8 31. Kxa4 Rf4 32. Rxg7 Rxh4 33. Rg5 Rxe4+ 34. Kb3 h4 35. Rh5 Kd7 36. Kc3 Ke6 37. Kd3 Ra4 38. Rh7 c6 39. Rh6+ Kxe5 40. Rxc6 Ra3+ 41. c3 Kf4 42. Rxb6 Rxa2 43. Kc4 a4 44. Rh6 Kg3 45. Rg6+ Kh2 46. Kb4 h3 47. c4 Kh1 48. c5 Rg2 49. Rd6 Rg4+ 50. Kb5 h2 51. c6 Kg2 52. Rd2+ Kh3 53. Rd1 Rg1 54. c7 Rg5+ 55. Kb6 Rg8 56. Rd8 Rxd8 57. cxd8Q h1Q 58. Qd7+ 1/2-1/2

[Event "Oberliga Ost-A 0809"]
[Site "Germany"]
[Date "2009.03.01"]
[Round "8.5"]
[White "Duchrow, Oliver"]
[Black "Greger, Ubald"]
[Result "0-1"]
[WhiteElo "2158"]
[BlackElo "2106"]
[PlyCount "106"]
[EventDate "2008.10.12"]
[EventType "team-tourn"]
[EventRounds "11"]
[EventCountry "GER"]
[SourceTitle "EXT 2010"]
[Source "ChessBase"]
[SourceDate "2010.11.25"]
[SourceVersion "1"]
[SourceVersionDate "2010.11.25"]
[SourceQuality "1"]
[WhiteTeam "Sangerhausen"]
[BlackTeam "Leipzig Lok II"]
[WhiteTeamCountry "GER"]
[BlackTeamCountry "GER"]

1. e4 d6 2. d4 Nf6 3. Nc3 e5 4. dxe5 dxe5 5. Qxd8+ Kxd8 6. Bc4 Bb4 7. f3 Bxc3+ 8. bxc3 Be6 9. Bb3 b6 10. Nh3 h6 11. Nf2 c5 12. a4 Nc6 13. Be3 c4 14. Ba2 Ke7 15. Bc1 Nd7 16. Ba3+ Nc5 17. Rb1 Rab8 18. Rb5 Kd7 19. Bxc5 bxc5 20. Rxb8 Rxb8 21. Nd1 Rb6 22. Kd2 Ra6 23. Nb2 Na5 24. Rd1 Ke7 25. Kc1 Rb6 26. g3 g6 27. Rd2 Rb8 28. Nd1 Rd8 29. Rxd8 Kxd8 30. Kd2 Nb7 31. Nb2 Nd6 32. Ke3 f6 33. Kf2 Ke7 34. Ke3 f5 35. exf5 gxf5 36. Kf2 f4 37. g4 Kf6 38. h4 e4 39. Ke2 Ke5 40. g5 hxg5 41. hxg5 e3 42. a5 Kf5 43. Na4 Nb5 44. Ke1 Bd5 45. Nb2 Na3 46. Ke2 Kxg5 47. Na4 Nb5 48. Kf1 Kh4 49. Kg2 Kg5 50. Kf1 Kf5 51. Nb2 Na3 52. Na4 Bxf3 53. Nxc5 e2+ 0-1

[Event "Oberliga Ost-A 0809"]
[Site "Germany"]
[Date "2009.02.01"]
[Round "7.6"]
[White "Schunk, Thomas"]
[Black "Greger, Ubald"]
[Result "1-0"]
[WhiteElo "2249"]
[BlackElo "2106"]
[PlyCount "148"]
[EventDate "2008.10.12"]
[EventType "team-tourn"]
[EventRounds "11"]
[EventCountry "GER"]
[SourceTitle "EXT 2010"]
[Source "ChessBase"]
[SourceDate "2010.11.25"]
[SourceVersion "1"]
[SourceVersionDate "2010.11.25"]
[SourceQuality "1"]
[WhiteTeam "Leipzig Gohlis"]
[BlackTeam "Leipzig Lok II"]
[WhiteTeamCountry "GER"]
[BlackTeamCountry "GER"]

1. c4 d6 2. g3 e5 3. Bg2 f5 4. Nc3 Nf6 5. e3 Be7 6. Nge2 0-0 7. 0-0 Qe8 8. d4 Qh5 9. dxe5 dxe5 10. Nd5 Bd8 11. b3 c6 12. Ndc3 Be7 13. Bb2 Na6 14. Nc1 Qh6 15. Qe2 e4 16. Na4 Nc7 17. f4 b5 18. Nc3 a6 19. Nd1 Be6 20. Nf2 Qg6 21. Be5 Rac8 22. Rd1 bxc4 23. bxc4 Qf7 24. Bf1 Nd7 25. Bd6 Bxd6 26. Rxd6 Ne8 27. Rd2 Nb6 28. Rc2 c5 29. Rb1 Rc6 30. Nb3 Nxc4 31. Na5 Rb6 32. Rxb6 Nxb6 33. Qd1 Qc7 34. Rd2 Rf7 35. g4 g6 36. g5 Rd7 37. Rxd7 Qxd7 38. Qxd7 Nxd7 39. Nd1 Kf7 40. Kf2 Nd6 41. Ke1 Nb6 42. Nb2 Ke8 43. Kd2 Kd7 44. Kc3 Kc7 45. Be2 Nb7 46. Nb3 Kd6 47. h4 Bf7 48. Nd2 Na5 49. Nf1 Kd7 50. Ng3 Ke7 51. h5 Bg8 52. h6 Bf7 53. Nf1 Kd6 54. Nd2 Be8 55. Bd1 Nb7 56. Bc2 Bc6 57. Nf1 Nd8 58. Bb3 Nd7 59. Kc2 Nb7 60. Nd1 Nf8 61. Nc3 Ne6 62. Nd2 Nbd8 63. Kc1 Nf7 64. Kc2 Nexg5 65. fxg5 Nxg5 66. Bc4 Ba4+ 67. Nxa4 Nf7 68. Nb3 Nxh6 69. Naxc5 Ng4 70. Kd2 h5 71. Nxa6 h4 72. Nd4 Ne5 73. Ke2 h3 74. Kf1 Nxc4 1-0

[Event "Oberliga Ost-A 0708"]
[Site "Germany"]
[Date "2008.01.20"]
[Round "7.6"]
[White "Greger, Ubald"]
[Black "Zipfel, Frank"]
[Result "1/2-1/2"]
[WhiteElo "2118"]
[BlackElo "2183"]
[PlyCount "70"]
[EventDate "2007.09.23"]
[EventType "team-tourn"]
[EventRounds "11"]
[EventCountry "GER"]
[SourceTitle "EXT 2009"]
[Source "ChessBase"]
[SourceDate "2008.11.26"]
[SourceVersion "1"]
[SourceVersionDate "2008.11.26"]
[SourceQuality "1"]
[WhiteTeam "Leipzig Lok II"]
[BlackTeam "Jena Jenapharm"]
[WhiteTeamCountry "GER"]
[BlackTeamCountry "GER"]

1. e4 d5 2. d3 dxe4 3. dxe4 Qxd1+ 4. Kxd1 Nf6 5. f3 e5 6. Be3 Be6 7. Nd2 Nbd7 8. c3 Bc5 9. Bxc5 Nxc5 10. b4 Ncd7 11. Bc4 Ke7 12. Ne2 a5 13. Kc2 Nb6 14. Bxe6 Kxe6 15. a3 Rhd8 16. Rhd1 a4 17. Nc1 Nfd7 18. Nd3 Nc8 19. Nc4 Nd6 20. Ne3 Nb5 21. c4 Nd4+ 22. Kc3 f6 23. Rab1 c6 24. Nc2 b5 25. c5 Nxc2 26. Kxc2 Nf8 27. Ne1 Ke7 28. Rxd8 Rxd8 29. Rd1 Rxd1 30. Kxd1 Ne6 31. Nc2 Nf4 32. g3 Nd3 33. Kd2 Nf2 34. Ne3 g6 35. h4 Nh1 1/2-1/2

[Event "Oberliga Ost-A 0708"]
[Site "Germany"]
[Date "2007.12.09"]
[Round "5.6"]
[White "Greger, Ubald"]
[Black "Bores, Roman"]
[Result "1/2-1/2"]
[WhiteElo "2118"]
[BlackElo "2196"]
[PlyCount "69"]
[EventDate "2007.09.23"]
[EventType "team-tourn"]
[EventRounds "11"]
[EventCountry "GER"]
[SourceTitle "EXT 2009"]
[Source "ChessBase"]
[SourceDate "2008.11.26"]
[SourceVersion "1"]
[SourceVersionDate "2008.11.26"]
[SourceQuality "1"]
[WhiteTeam "Leipzig Lok II"]
[BlackTeam "Ebersbach"]
[WhiteTeamCountry "GER"]
[BlackTeamCountry "GER"]

1. e4 c5 2. d3 Nc6 3. f4 g6 4. Nf3 Bg7 5. Be2 d6 6. 0-0 h5 7. c3 Nh6 8. Na3 0-0 9. Qe1 Rb8 10. Nc2 b5 11. Ne3 b4 12. Bd2 bxc3 13. bxc3 Ng4 14. Nxg4 Bxg4 15. h3 Bxf3 16. Bxf3 Qb6 17. Kh1 Qa6 18. Be2 Qa3 19. Bd1 Na5 20. Bb3 Nxb3 21. axb3 Qxb3 22. Rxa7 Rb7 23. Rxb7 Qxb7 24. f5 Qb2 25. fxg6 fxg6 26. Rxf8+ Kxf8 27. c4 Kg8 28. Bf4 Be5 29. Bxe5 Qxe5 30. Qe3 Kg7 31. g3 Qb2 32. Qf3 Qd2 33. Kg1 Qe1+ 34. Kg2 Qd2+ 35. Kg1 1/2-1/2

[Event "Oberliga Ost-A 0708"]
[Site "Germany"]
[Date "2007.11.04"]
[Round "3.6"]
[White "Greger, Ubald"]
[Black "Hentzgen, Thomas"]
[Result "1/2-1/2"]
[WhiteElo "2118"]
[BlackElo "2061"]
[PlyCount "42"]
[EventDate "2007.09.23"]
[EventType "team-tourn"]
[EventRounds "11"]
[EventCountry "GER"]
[SourceTitle "EXT 2009"]
[Source "ChessBase"]
[SourceDate "2008.11.26"]
[SourceVersion "1"]
[SourceVersionDate "2008.11.26"]
[SourceQuality "1"]
[WhiteTeam "Leipzig Lok II"]
[BlackTeam "Halle USV II"]
[WhiteTeamCountry "GER"]
[BlackTeamCountry "GER"]

1. e4 c5 2. d3 Nc6 3. g3 d5 4. Nd2 Nf6 5. Bg2 Bg4 6. f3 Bh5 7. Nh3 dxe4 8. dxe4 e5 9. c3 Be7 10. Qe2 Qc7 11. Nc4 0-0 12. Ne3 Rad8 13. Nf5 Rd7 14. Nxe7+ Nxe7 15. Nf2 Ne8 16. Be3 c4 17. 0-0 Nd6 18. Rfd1 f6 19. Bh3 Rdd8 20. Rd2 Bf7 21. Rad1 a6 1/2-1/2

[Event "Oberliga Ost-A 0607"]
[Site "Germany"]
[Date "2007.04.01"]
[Round "9.3"]
[White "Greger, Ubald"]
[Black "Windelband, Jens"]
[Result "1/2-1/2"]
[WhiteElo "2120"]
[BlackElo "2174"]
[PlyCount "98"]
[EventDate "2006.10.15"]
[EventType "team-tourn"]
[EventRounds "11"]
[EventCountry "GER"]
[SourceTitle "EXT 2008"]
[Source "ChessBase"]
[SourceDate "2007.11.25"]
[SourceVersion "1"]
[SourceVersionDate "2007.11.25"]
[SourceQuality "1"]
[WhiteTeam "Leipzig Mitte II"]
[BlackTeam "Magdeburg Aufbau Elbe"]
[WhiteTeamCountry "GER"]
[BlackTeamCountry "GER"]

1. e4 e6 2. d3 d5 3. Nd2 c5 4. Ngf3 Nc6 5. g3 Nf6 6. Bg2 b6 7. 0-0 Bb7 8. Re1 Be7 9. e5 Nd7 10. h4 Qc7 11. Qe2 0-0-0 12. Nf1 h6 13. N1h2 Kb8 14. c3 Rhg8 15. Bd2 Bc8 16. b4 f6 17. bxc5 Bxc5 18. d4 Ba3 19. c4 fxe5 20. cxd5 exd5 21. dxe5 Nf8 22. Qd3 Bc5 23. Rac1 Ne6 24. a4 Bb7 25. a5 bxa5 26. Bh3 Qb6 27. Bxe6 Bxf2+ 28. Kg2 Bxe1 29. Rxe1 Rgf8 30. h5 d4 31. Bf4 Nb4 32. Qg6 d3 33. Kh3 Qf2 34. Rf1 Qe2 35. Re1 Qb2 36. Bg4 Nd5 37. e6+ Rxf4 38. e7 Nxe7 39. Rxe7 Rff8 40. Qxg7 Qxg7 41. Rxg7 d2 42. Nxd2 Rxd2 43. Be6 Rf6 44. Rg8+ Kc7 45. Rg7+ Kb6 46. Rg6 Bg2+ 47. Kh4 Rxg6 48. hxg6 Be4 49. Nf1 Rf2 1/2-1/2